000 01098nam a2200241Ia 4500
001 232.5-PES ru ve (18081)
003 IT-MiSPE
008 171229s9999||||xx |||||||||||||| ||und||
040 _aIT-MiSPE
_cIT-MiSPE
041 _aITALIANO
100 _aRudolf Pesch
240 _aZwischen Karfreitag und Ostern: Die Umkehr der Jünger Jesu
245 0 _aTra Venerdì santo e Pasqua
_bLa conversione dei discepoli di Gesù
250 _a1a ed. (v)
260 _aBrescia
_bMorcelliana
_c1993
300 _a126 p.
_c19 cm
490 _aPellicano
501 _aEdizioni San Paolo srl - Piazza Soncino, 5 - 20092 CINISELLO BALSAMO (MI) (non commercial uses only) ® Copyright 2018
700 _aSilvia Faini
_g(traduzione)
942 _cBK
957 _71
999 _a4476
_bNO
_g Copie: 1
_c340394
_d340394